[Event "ODJM B 2024"]
[Site "Willingen GER"]
[Date "2024.05.24"]
[Round "8"]
[White "Golke, Philipp"]
[Black "Reif, Karla"]
[Result "1-0"]
[Termination "normal"]
[Board "37"]
[WhiteElo "1709"]
[BlackElo "1701"]
[WhiteClock "00:56:35"]
[BlackClock "00:31:57"]
[PlyCount "79"]
[WhiteFideId "34625259"]
[BlackFideId "12971871"]
[EventCountry "GER"]
[EventRounds "9"]
[EventType "swiss"]
[EventDate "2024.05.18"]

1. e4 {[%clk 01:30:59]} c6 {[%clk 01:30:58]} {[%emt 00:00:03]} 2. d4 {[%clk
01:31:14]} {[%emt 00:00:15]} d5 {[%clk 01:31:20]} {[%emt 00:00:08]} 3. exd5
{[%clk 01:31:37]} {[%emt 00:00:07]} cxd5 {[%clk 01:31:45]} {[%emt 00:00:05]} 4.
Nf3 {[%clk 01:31:53]} {[%emt 00:00:13]} Bf5 {[%clk 01:31:31]} {[%emt 00:00:44]}
5. Bd3 {[%clk 01:32:10]} {[%emt 00:00:13]} Bxd3 {[%clk 01:31:57]} {[%emt
00:00:05]} 6. Qxd3 {[%clk 01:32:35]} {[%emt 00:00:05]} Nc6 {[%clk 01:32:23]}
{[%emt 00:00:03]} 7. O-O {[%clk 01:32:34]} {[%emt 00:00:31]} Nf6 {[%clk
01:32:47]} {[%emt 00:00:07]} 8. Bg5 {[%clk 01:29:49]} {[%emt 00:03:15]} e6
{[%clk 01:32:33]} {[%emt 00:00:44]} 9. c3 {[%clk 01:30:02]} {[%emt 00:00:16]}
Be7 {[%clk 01:32:47]} {[%emt 00:00:16]} 10. Nbd2 {[%clk 01:30:08]} {[%emt
00:00:24]} O-O {[%clk 01:31:56]} {[%emt 00:01:21]} 11. Rfe1 {[%clk 01:23:34]}
{[%emt 00:07:04]} a6 {[%clk 01:30:27]} {[%emt 00:02:00]} 12. Ne5 {[%clk
01:18:42]} {[%emt 00:05:22]} Nxe5 {[%clk 01:23:31]} {[%emt 00:07:25]} 13. dxe5
{[%clk 01:19:03]} {[%emt 00:00:09]} Nh5 {[%clk 01:21:46]} {[%emt 00:02:15]} 14.
Bxe7 {[%clk 01:17:39]} {[%emt 00:01:54]} Qxe7 {[%clk 01:22:10]} {[%emt
00:00:06]} 15. Qe3 {[%clk 01:16:11]} {[%emt 00:01:58]} g6 {[%clk 01:13:40]}
{[%emt 00:09:00]} 16. Nf3 {[%clk 01:14:34]} {[%emt 00:02:07]} f6 {[%clk
01:06:04]} {[%emt 00:08:05]} 17. exf6 {[%clk 01:03:53]} {[%emt 00:11:11]} Rxf6
{[%clk 01:05:09]} {[%emt 00:01:25]} 18. Rad1 {[%clk 01:02:50]} {[%emt
00:01:34]} Raf8 {[%clk 00:52:46]} {[%emt 00:12:53]} 19. Rxd5 {[%clk 01:01:12]}
{[%emt 00:02:09]} Nf4 {[%clk 00:51:04]} {[%emt 00:02:11]} 20. Rd2 {[%clk
00:57:31]} {[%emt 00:04:10]} Nxg2 {[%clk 00:51:13]} {[%emt 00:00:22]} 21. Kxg2
{[%clk 00:57:49]} {[%emt 00:00:13]} Rxf3 {[%clk 00:51:37]} {[%emt 00:00:05]}
22. Qxe6+ {[%clk 00:58:13]} {[%emt 00:00:06]} Qxe6 {[%clk 00:52:00]} {[%emt
00:00:08]} 23. Rxe6 {[%clk 00:58:37]} {[%emt 00:00:06]} R8f7 {[%clk 00:51:53]}
{[%emt 00:00:37]} 24. Re3 {[%clk 00:58:18]} {[%emt 00:00:49]} R3f5 {[%clk
00:51:32]} {[%emt 00:00:51]} 25. Red3 {[%clk 00:57:55]} {[%emt 00:00:53]} Ra5
{[%clk 00:47:46]} {[%emt 00:04:14]} 26. a3 {[%clk 00:58:07]} {[%emt 00:00:19]}
Rb5 {[%clk 00:48:13]} {[%emt 00:00:03]} 27. c4 {[%clk 00:58:07]} {[%emt
00:00:30]} Rc5 {[%clk 00:48:05]} {[%emt 00:00:37]} 28. Rd7 {[%clk 00:57:43]}
{[%emt 00:00:54]} Rc7 {[%clk 00:44:25]} {[%emt 00:04:11]} 29. Rxf7 {[%clk
00:57:22]} {[%emt 00:00:51]} Kxf7 {[%clk 00:44:47]} {[%emt 00:00:07]} 30. b4
{[%clk 00:57:47]} {[%emt 00:00:05]} h5 {[%clk 00:43:36]} {[%emt 00:01:40]} 31.
c5 {[%clk 00:58:13]} {[%emt 00:00:05]} Ke6 {[%clk 00:43:03]} {[%emt 00:01:03]}
32. Rd6+ {[%clk 00:58:17]} {[%emt 00:00:26]} Kf5 {[%clk 00:43:26]} {[%emt
00:00:06]} 33. Kf3 {[%clk 00:58:13]} {[%emt 00:00:35]} Rf7 {[%clk 00:41:48]}
{[%emt 00:02:09]} 34. Kg3 {[%clk 00:57:28]} {[%emt 00:01:15]} Rc7 {[%clk
00:40:24]} {[%emt 00:01:54]} 35. Rb6 {[%clk 00:57:45]} {[%emt 00:00:13]} Kg5
{[%clk 00:37:54]} {[%emt 00:03:01]} 36. a4 {[%clk 00:55:48]} {[%emt 00:02:27]}
Kf5 {[%clk 00:31:59]} {[%emt 00:06:25]} 37. b5 {[%clk 00:55:55]} {[%emt
00:00:23]} Rxc5 {[%clk 00:32:01]} {[%emt 00:00:28]} 38. Rxb7 {[%clk 00:55:47]}
{[%emt 00:00:38]} axb5 {[%clk 00:32:00]} {[%emt 00:00:31]} 39. Rxb5 {[%clk
00:56:11]} {[%emt 00:00:06]} Rxb5 {[%clk 00:31:57]} {[%emt 00:00:33]} 40. axb5
{[%clk 00:56:35]} {[%emt 00:00:06]} 1-0

[Event "ODJM B 2024"]
[Site "Willingen GER"]
[Date "2024.05.24"]
[Round "8"]
[White "Neumeier, Konstantin"]
[Black "Oblender, Rudi"]
[Result "0-1"]
[Termination "normal"]
[Board "38"]
[WhiteElo "1710"]
[BlackElo "1622"]
[WhiteClock "01:13:49"]
[BlackClock "01:15:19"]
[PlyCount "70"]
[WhiteFideId "34608230"]
[BlackFideId "34625089"]
[EventCountry "GER"]
[EventRounds "9"]
[EventType "swiss"]
[EventDate "2024.05.18"]

1. e4 {[%clk 01:30:56]} {[%emt 00:00:03]} e5 {[%clk 01:30:28]} {[%emt
00:00:32]} 2. Nf3 {[%clk 01:31:21]} {[%emt 00:00:05]} Nc6 {[%clk 01:30:46]}
{[%emt 00:00:12]} 3. Nc3 {[%clk 01:31:40]} {[%emt 00:00:11]} g6 {[%clk
01:30:34]} {[%emt 00:00:42]} 4. Bc4 {[%clk 01:31:41]} {[%emt 00:00:29]} Bg7
{[%clk 01:30:57]} {[%emt 00:00:07]} 5. d3 {[%clk 01:32:02]} {[%emt 00:00:09]}
Na5 {[%clk 01:29:58]} {[%emt 00:01:29]} 6. Bb3 {[%clk 01:32:02]} {[%emt
00:00:30]} Nxb3 {[%clk 01:30:19]} {[%emt 00:00:10]} 7. axb3 {[%clk 01:32:23]}
{[%emt 00:00:08]} c6 {[%clk 01:30:19]} {[%emt 00:00:30]} 8. O-O {[%clk
01:32:00]} {[%emt 00:00:53]} Ne7 {[%clk 01:30:45]} {[%emt 00:00:04]} 9. Bg5
{[%clk 01:32:01]} {[%emt 00:00:30]} f6 {[%clk 01:28:47]} {[%emt 00:02:28]} 10.
Be3 {[%clk 01:30:39]} {[%emt 00:01:50]} b6 {[%clk 01:28:38]} {[%emt 00:00:40]}
11. Na4 {[%clk 01:30:40]} {[%emt 00:00:29]} Bb7 {[%clk 01:29:00]} {[%emt
00:00:08]} 12. Nd2 {[%clk 01:30:22]} {[%emt 00:00:47]} O-O {[%clk 01:29:06]}
{[%emt 00:00:25]} 13. Nc3 {[%clk 01:30:25]} {[%emt 00:00:26]} Qc7 {[%clk
01:23:40]} {[%emt 00:05:56]} 14. f4 {[%clk 01:29:54]} {[%emt 00:01:01]} f5
{[%clk 01:23:11]} {[%emt 00:00:59]} 15. Nc4 {[%clk 01:29:19]} {[%emt 00:01:03]}
fxe4 {[%clk 01:18:37]} {[%emt 00:05:07]} 16. dxe4 {[%clk 01:29:03]} {[%emt
00:00:45]} exf4 {[%clk 01:19:00]} {[%emt 00:00:07]} 17. Bc1 {[%clk 01:27:06]}
{[%emt 00:02:27]} Bxc3 {[%clk 01:17:28]} {[%emt 00:02:02]} 18. bxc3 {[%clk
01:27:22]} {[%emt 00:00:13]} d5 {[%clk 01:17:56]} {[%emt 00:00:02]} 19. exd5
{[%clk 01:26:14]} {[%emt 00:01:38]} Nxd5 {[%clk 01:15:31]} {[%emt 00:02:55]}
20. Ba3 {[%clk 01:15:26]} {[%emt 00:11:18]} c5 {[%clk 01:12:25]} {[%emt
00:03:36]} 21. Bb2 {[%clk 01:15:35]} {[%emt 00:00:21]} b5 {[%clk 01:12:26]}
{[%emt 00:00:29]} 22. Na5 {[%clk 01:12:06]} {[%emt 00:03:59]} Ne3 {[%clk
01:12:39]} {[%emt 00:00:17]} 23. Qe2 {[%clk 01:12:16]} {[%emt 00:00:20]} Nxf1
{[%clk 01:12:45]} {[%emt 00:00:25]} 24. Kxf1 {[%clk 01:12:41]} {[%emt
00:00:04]} f3 {[%clk 01:11:33]} {[%emt 00:01:42]} 25. Qe6+ {[%clk 01:12:44]}
{[%emt 00:00:27]} Qf7 {[%clk 01:11:57]} {[%emt 00:00:06]} 26. Qe5 {[%clk
01:11:15]} {[%emt 00:01:59]} fxg2+ {[%clk 01:12:15]} {[%emt 00:00:12]} 27. Ke2
{[%clk 01:11:22]} {[%emt 00:00:23]} Rfe8 {[%clk 01:12:38]} {[%emt 00:00:07]}
28. c4 {[%clk 01:11:34]} {[%emt 00:00:18]} Rxe5+ {[%clk 01:13:03]} {[%emt
00:00:06]} 29. Bxe5 {[%clk 01:11:57]} {[%emt 00:00:07]} Re8 {[%clk 01:13:28]}
{[%emt 00:00:05]} 30. Nxb7 {[%clk 01:12:14]} {[%emt 00:00:12]} Rxe5+ {[%clk
01:13:49]} {[%emt 00:00:08]} 31. Kd2 {[%clk 01:12:35]} {[%emt 00:00:09]} Qf2+
{[%clk 01:13:46]} {[%emt 00:00:33]} 32. Kc1 {[%clk 01:12:48]} {[%emt 00:00:17]}
g1=R+ {[%clk 01:14:03]} {[%emt 00:00:13]} 33. Kb2 {[%clk 01:13:12]} {[%emt
00:00:06]} Qd4+ {[%clk 01:14:26]} {[%emt 00:00:08]} 34. c3 {[%clk 01:13:28]}
{[%emt 00:00:14]} Re2+ {[%clk 01:14:51]} {[%emt 00:00:04]} 35. Ka3 {[%clk
01:13:49]} {[%emt 00:00:10]} Rxa1# {[%clk 01:15:19]} {[%emt 00:00:03]} 0-1

[Event "ODJM B 2024"]
[Site "Willingen GER"]
[Date "2024.05.24"]
[Round "8"]
[White "Hoffmann, Svenja"]
[Black "Alugili, Yosef"]
[Result "1/2-1/2"]
[Termination "normal"]
[Board "39"]
[WhiteElo "1621"]
[BlackElo "1744"]
[WhiteClock "00:42:17"]
[BlackClock "00:17:24"]
[PlyCount "45"]
[WhiteFideId "16287312"]
[BlackFideId "34635963"]
[EventCountry "GER"]
[EventRounds "9"]
[EventType "swiss"]
[EventDate "2024.05.18"]

1. e4 {[%clk 01:30:57]} {[%emt 00:00:02]} c5 {[%clk 01:30:58]} {[%emt
00:00:02]} 2. Nc3 {[%clk 01:31:16]} {[%emt 00:00:11]} e6 {[%clk 01:31:18]}
{[%emt 00:00:10]} 3. Bc4 {[%emt 00:01:51]} Nc6 {[%clk 01:31:37]} 4. Nf3 {[%clk
01:28:32]} {[%emt 00:02:03]} Nf6 {[%clk 01:31:44]} {[%emt 00:00:23]} 5. O-O
{[%clk 01:27:34]} {[%emt 00:01:28]} Be7 {[%clk 01:31:40]} {[%emt 00:00:34]} 6.
d4 {[%clk 01:27:19]} {[%emt 00:00:44]} cxd4 {[%clk 01:31:50]} {[%emt 00:00:20]}
7. Nxd4 {[%clk 01:27:43]} {[%emt 00:00:06]} O-O {[%clk 01:32:07]} {[%emt
00:00:13]} 8. Be3 {[%clk 01:27:11]} {[%emt 00:01:02]} d5 {[%clk 01:23:09]}
{[%emt 00:09:28]} 9. exd5 {[%clk 01:24:10]} {[%emt 00:03:31]} exd5 {[%clk
01:23:32]} {[%emt 00:00:07]} 10. Bd3 {[%clk 01:17:52]} {[%emt 00:06:48]} Ne5
{[%clk 01:07:38]} {[%emt 00:16:24]} 11. Re1 {[%clk 01:13:46]} {[%emt 00:04:36]}
Nxd3 {[%clk 01:06:23]} {[%emt 00:01:45]} 12. Qxd3 {[%clk 01:13:48]} {[%emt
00:00:27]} Ng4 {[%clk 01:00:00]} {[%emt 00:06:54]} 13. Bf4 {[%emt 00:06:36]}
Re8 {[%clk 00:39:08]} {[%emt 00:20:41]} 14. h3 {[%clk 01:04:21]} {[%emt
00:04:32]} Nf6 {[%clk 00:39:08]} {[%emt 00:00:30]} 15. Rad1 {[%clk 01:03:16]}
{[%emt 00:01:35]} a6 {[%clk 00:33:11]} {[%emt 00:06:27]} 16. Nf5 {[%clk
01:03:19]} {[%emt 00:00:27]} Bxf5 {[%clk 00:33:10]} {[%emt 00:00:31]} 17. Qxf5
{[%clk 01:03:40]} {[%emt 00:00:09]} d4 {[%clk 00:32:13]} {[%emt 00:01:28]} 18.
Ne2 {[%clk 01:02:44]} {[%emt 00:01:25]} Qb6 {[%clk 00:31:02]} {[%emt 00:01:36]}
19. b3 {[%clk 00:53:17]} {[%emt 00:10:02]} Bb4 {[%clk 00:30:39]} {[%emt
00:00:53]} 20. Bd2 {[%clk 00:53:24]} {[%emt 00:00:23]} Bxd2 {[%clk 00:29:40]}
{[%emt 00:01:29]} 21. Rxd2 {[%clk 00:53:44]} {[%emt 00:00:09]} Rad8 {[%clk
00:27:58]} {[%emt 00:02:10]} 22. Red1 {[%clk 00:48:43]} {[%emt 00:05:33]} Ne4
{[%clk 00:17:24]} {[%emt 00:11:03]} 23. Rd3 {[%clk 00:42:17]} {[%emt 00:06:56]}
1/2-1/2

[Event "ODJM B 2024"]
[Site "Willingen GER"]
[Date "2024.05.24"]
[Round "8"]
[White "Grunert, Greta"]
[Black "Ottlik, Marie"]
[Result "0-1"]
[Termination "normal"]
[Board "41"]
[WhiteElo "1590"]
[BlackElo "1640"]
[WhiteClock "00:00:35"]
[BlackClock "00:12:01"]
[PlyCount "64"]
[WhiteFideId "16258649"]
[BlackFideId "16281730"]
[EventCountry "GER"]
[EventRounds "9"]
[EventType "swiss"]
[EventDate "2024.05.18"]

1. e4 {[%clk 01:30:57]} {[%emt 00:00:02]} c5 {[%clk 01:30:53]} {[%emt
00:00:07]} 2. Nc3 {[%clk 01:31:14]} {[%emt 00:00:12]} Nc6 {[%clk 01:31:15]}
{[%emt 00:00:08]} 3. f4 {[%clk 01:30:56]} {[%emt 00:00:48]} g6 {[%clk
01:31:24]} {[%emt 00:00:22]} 4. Nf3 {[%clk 01:30:52]} {[%emt 00:00:33]} Bg7
{[%clk 01:31:43]} {[%emt 00:00:11]} 5. Bb5 {[%clk 01:29:46]} {[%emt 00:01:37]}
e6 {[%clk 01:22:39]} {[%emt 00:09:34]} 6. O-O {[%clk 01:24:32]} {[%emt
00:05:44]} Nge7 {[%clk 01:21:35]} {[%emt 00:01:34]} 7. a4 {[%clk 01:15:24]}
{[%emt 00:09:38]} a6 {[%clk 01:16:19]} {[%emt 00:05:46]} 8. Bc4 {[%clk
01:10:31]} {[%emt 00:05:10]} d5 {[%clk 01:12:07]} {[%emt 00:04:54]} 9. exd5
{[%clk 01:05:24]} {[%emt 00:05:37]} exd5 {[%clk 01:05:09]} {[%emt 00:07:28]}
10. Ba2 {[%clk 01:05:02]} {[%emt 00:00:52]} O-O {[%clk 01:03:12]} {[%emt
00:02:27]} 11. d3 {[%clk 01:03:29]} {[%emt 00:02:03]} Bg4 {[%clk 00:48:54]}
{[%emt 00:14:49]} 12. Qe1 {[%clk 00:59:53]} Nd4 {[%clk 00:44:32]} {[%emt
00:08:57]} 13. Nxd4 {[%clk 00:58:33]} Bxd4+ {[%clk 00:43:07]} {[%emt 00:03:46]}
14. Kh1 {[%clk 00:56:55]} Qd7 {[%clk 00:39:06]} {[%emt 00:06:38]} 15. Qh4
{[%clk 00:52:43]} Be6 {[%clk 00:34:35]} {[%emt 00:09:42]} 16. Bd2 {[%clk
00:41:59]} Nf5 {[%clk 00:33:55]} {[%emt 00:12:24]} 17. Qe1 {[%clk 00:34:18]} b5
{[%clk 00:22:30]} {[%emt 00:20:07]} 18. axb5 {[%clk 00:27:11]} axb5 {[%clk
00:22:54]} {[%emt 00:07:43]} 19. Bb3 {[%clk 00:19:14]} c4 {[%clk 00:19:46]}
{[%emt 00:12:04]} 20. dxc4 {[%clk 00:18:43]} {[%emt 00:01:01]} dxc4 {[%clk
00:19:54]} {[%emt 00:00:22]} 21. Ba2 {[%clk 00:09:30]} {[%emt 00:09:43]} b4
{[%clk 00:19:48]} {[%emt 00:00:36]} 22. Ne4 {[%clk 00:09:02]} {[%emt 00:00:58]}
Bxb2 {[%clk 00:19:21]} {[%emt 00:00:57]} 23. Bxb4 {[%clk 00:08:48]} {[%emt
00:00:44]} Bxa1 {[%clk 00:15:19]} {[%emt 00:04:31]} 24. Qxa1 {[%clk 00:08:18]}
{[%emt 00:01:00]} Qd4 {[%clk 00:15:19]} {[%emt 00:00:31]} 25. Bxf8 {[%clk
00:02:39]} {[%emt 00:06:10]} Qxe4 {[%clk 00:12:53]} {[%emt 00:02:56]} 26. Re1
{[%clk 00:00:35]} {[%emt 00:02:35]} Rxa2 {[%clk 00:10:53]} {[%emt 00:01:55]}
27. Qb1 {[%clk 00:00:38]} {[%emt 00:01:01]} Qxc2 {[%clk 00:10:44]} {[%emt
00:00:40]} 28. Qxc2 {[%clk 00:00:38]} {[%emt 00:00:30]} Rxc2 {[%clk 00:11:03]}
{[%emt 00:00:11]} 29. h3 {[%clk 00:00:46]} {[%emt 00:00:22]} Kxf8 {[%clk
00:11:23]} {[%emt 00:00:10]} 30. g4 {[%clk 00:00:41]} {[%emt 00:00:34]} Ng3+
{[%clk 00:11:36]} {[%emt 00:00:17]} 31. Kg1 {[%clk 00:01:04]} {[%emt 00:00:08]}
Bd5 {[%clk 00:11:43]} {[%emt 00:00:23]} 32. Rd1 {[%clk 00:00:35]} {[%emt
00:00:58]} Rg2# {[%clk 00:12:01]} {[%emt 00:00:12]} 0-1

[Event "ODJM B 2024"]
[Site "Willingen GER"]
[Date "2024.05.24"]
[Round "8"]
[White "Briese, Paul"]
[Black "Wilke, Ronja"]
[Result "1/2-1/2"]
[Termination "normal"]
[Board "42"]
[WhiteElo "1625"]
[BlackElo "1596"]
[WhiteClock "00:31:05"]
[BlackClock "01:16:41"]
[PlyCount "119"]
[WhiteFideId "16273826"]
[BlackFideId "16288378"]
[EventCountry "GER"]
[EventRounds "9"]
[EventType "swiss"]
[EventDate "2024.05.18"]

1. e4 {[%clk 01:30:59]} {[%emt 13:24:01]} c6 {[%clk 01:30:53]} {[%emt
00:00:08]} 2. d4 {[%clk 01:31:26]} {[%emt 00:00:03]} d5 {[%clk 01:31:14]}
{[%emt 00:00:09]} 3. Nc3 {[%clk 01:31:53]} {[%emt 00:00:03]} dxe4 {[%clk
01:31:34]} {[%emt 00:00:09]} 4. Nxe4 {[%clk 01:32:17]} {[%emt 00:00:05]} Bf5
{[%clk 01:31:55]} {[%emt 00:00:10]} 5. Ng3 {[%clk 01:32:41]} {[%emt 00:00:06]}
Bg6 {[%clk 01:32:12]} {[%emt 00:00:13]} 6. Nf3 {[%clk 01:33:05]} {[%emt
00:00:06]} Nd7 {[%clk 01:32:14]} {[%emt 00:00:29]} 7. h4 {[%clk 01:33:14]}
{[%emt 00:00:21]} h6 {[%clk 01:32:22]} {[%emt 00:00:21]} 8. h5 {[%clk
01:33:35]} {[%emt 00:00:10]} Bh7 {[%clk 01:32:39]} {[%emt 00:00:13]} 9. Bd3
{[%clk 01:33:58]} {[%emt 00:00:07]} Bxd3 {[%clk 01:32:55]} {[%emt 00:00:13]}
10. Qxd3 {[%clk 01:34:22]} {[%emt 00:00:05]} e6 {[%clk 01:32:49]} {[%emt
00:00:37]} 11. Bd2 {[%clk 01:34:03]} {[%emt 00:00:49]} Qc7 {[%clk 01:32:46]}
{[%emt 00:00:33]} 12. O-O-O {[%clk 01:33:28]} {[%emt 00:01:05]} O-O-O {[%clk
01:32:26]} {[%emt 00:00:50]} 13. Kb1 {[%clk 01:28:00]} {[%emt 00:05:59]} Kb8
{[%clk 01:30:47]} {[%emt 00:02:09]} 14. Ne4 {[%clk 01:25:17]} {[%emt 00:03:13]}
Nc5 {[%clk 01:28:49]} {[%emt 00:02:28]} 15. Nxc5 {[%clk 01:22:47]} {[%emt
00:03:00]} Bxc5 {[%clk 01:29:02]} {[%emt 00:00:17]} 16. Qc3 {[%clk 01:22:16]}
{[%emt 00:01:01]} Bd6 {[%clk 01:28:49]} {[%emt 00:00:42]} 17. d5 {[%clk
01:18:22]} {[%emt 00:04:25]} Nf6 {[%clk 01:24:52]} {[%emt 00:04:27]} 18. dxc6
{[%clk 01:18:32]} {[%emt 00:00:20]} Ne4 {[%clk 01:22:39]} {[%emt 00:02:43]} 19.
Qe3 {[%clk 01:17:16]} {[%emt 00:01:47]} Nxd2+ {[%clk 01:22:25]} {[%emt
00:00:43]} 20. Nxd2 {[%clk 01:16:51]} {[%emt 00:00:54]} Bf4 {[%clk 01:20:39]}
{[%emt 00:02:16]} 21. Qc3 {[%clk 01:11:02]} {[%emt 00:06:20]} Bxd2 {[%clk
01:20:10]} {[%emt 00:00:58]} 22. Rxd2 {[%clk 01:10:59]} {[%emt 00:00:33]} Rxd2
{[%clk 01:20:32]} {[%emt 00:00:09]} 23. Qxd2 {[%clk 01:11:16]} {[%emt
00:00:13]} Qxc6 {[%clk 01:20:35]} {[%emt 00:00:27]} 24. f3 {[%clk 01:08:46]}
{[%emt 00:03:01]} Rc8 {[%clk 01:19:57]} {[%emt 00:01:06]} 25. c3 {[%clk
01:06:21]} {[%emt 00:02:57]} b6 {[%clk 01:18:56]} {[%emt 00:01:31]} 26. Rd1
{[%clk 01:03:41]} {[%emt 00:03:09]} Kb7 {[%clk 01:18:33]} {[%emt 00:00:53]} 27.
Qd7+ {[%clk 01:03:00]} {[%emt 00:01:11]} Qxd7 {[%clk 01:18:55]} {[%emt
00:00:08]} 28. Rxd7+ {[%clk 01:03:26]} {[%emt 00:00:04]} Rc7 {[%clk 01:19:17]}
{[%emt 00:00:09]} 29. Rd8 {[%clk 01:03:14]} {[%emt 00:00:41]} Rc8 {[%clk
01:19:34]} {[%emt 00:00:13]} 30. Rxc8 {[%clk 01:03:23]} {[%emt 00:00:21]} Kxc8
{[%clk 01:20:00]} {[%emt 00:00:05]} 31. Kc2 {[%clk 01:03:47]} {[%emt 00:00:06]}
Kc7 {[%clk 01:19:56]} {[%emt 00:00:34]} 32. Kd3 {[%clk 01:04:01]} {[%emt
00:00:16]} b5 {[%clk 01:18:55]} {[%emt 00:01:31]} 33. Kd4 {[%clk 01:03:18]}
{[%emt 00:01:13]} Kd6 {[%clk 01:17:29]} {[%emt 00:01:56]} 34. f4 {[%clk
01:02:31]} {[%emt 00:01:17]} f6 {[%clk 01:17:35]} {[%emt 00:00:25]} 35. b4
{[%clk 00:58:55]} {[%emt 00:04:07]} a6 {[%clk 01:17:36]} {[%emt 00:00:29]} 36.
g3 {[%clk 00:55:07]} {[%emt 00:04:17]} Kc6 {[%clk 01:17:18]} {[%emt 00:00:48]}
37. g4 {[%clk 00:48:51]} {[%emt 00:06:46]} Kd6 {[%clk 01:16:33]} {[%emt
00:01:15]} 38. c4 {[%clk 00:39:18]} {[%emt 00:10:03]} Kc6 {[%clk 01:16:44]}
{[%emt 00:00:18]} 39. c5 {[%clk 00:38:33]} {[%emt 00:01:15]} Kc7 {[%clk
01:16:53]} {[%emt 00:00:21]} 40. Ke4 {[%clk 00:36:51]} {[%emt 00:02:12]} Kc6
{[%clk 01:17:01]} {[%emt 00:00:23]} 41. Kd4 {[%clk 00:35:21]} {[%emt 00:01:59]}
Kc7 {[%clk 01:17:25]} {[%emt 00:00:06]} 42. Kc3 {[%clk 00:35:28]} {[%emt
00:00:23]} Kc6 {[%clk 01:17:48]} {[%emt 00:00:08]} 43. Kb3 {[%clk 00:33:32]}
{[%emt 00:02:26]} Kb7 {[%clk 01:17:25]} {[%emt 00:00:53]} 44. Kc3 {[%clk
00:32:18]} {[%emt 00:01:45]} Kc6 {[%clk 01:17:48]} {[%emt 00:00:07]} 45. Kd3
{[%clk 00:32:41]} {[%emt 00:00:07]} Kd7 {[%clk 01:17:38]} {[%emt 00:00:39]} 46.
Ke4 {[%clk 00:32:57]} {[%emt 00:00:14]} Kc6 {[%clk 01:17:52]} {[%emt 00:00:16]}
47. Kf3 {[%clk 00:32:43]} {[%emt 00:00:44]} Kb7 {[%clk 01:17:48]} {[%emt
00:00:34]} 48. Kg3 {[%clk 00:32:56]} {[%emt 00:00:17]} Kc6 {[%clk 01:18:08]}
{[%emt 00:00:10]} 49. Kh4 {[%clk 00:33:08]} {[%emt 00:00:17]} Kc7 {[%clk
01:18:22]} {[%emt 00:00:17]} 50. g5 {[%clk 00:33:18]} {[%emt 00:00:19]} Kc6
{[%clk 01:18:46]} {[%emt 00:00:07]} 51. Kg4 {[%clk 00:32:52]} {[%emt 00:00:56]}
Kc7 {[%clk 01:18:17]} {[%emt 00:00:58]} 52. g6 {[%clk 00:32:03]} {[%emt
00:01:19]} Kc6 {[%clk 01:18:33]} {[%emt 00:00:15]} 53. Kf3 {[%clk 00:31:42]}
{[%emt 00:00:50]} Kb7 {[%clk 01:18:44]} {[%emt 00:00:18]} 54. Ke3 {[%clk
00:31:25]} {[%emt 00:00:47]} Kc7 {[%clk 01:18:39]} {[%emt 00:00:35]} 55. Kd3
{[%clk 00:31:20]} {[%emt 00:00:35]} Kd7 {[%clk 01:18:45]} {[%emt 00:00:24]} 56.
Kc3 {[%clk 00:30:58]} {[%emt 00:00:52]} Kc7 {[%clk 01:18:04]} {[%emt 00:01:11]}
57. Kb3 {[%clk 00:31:01]} {[%emt 00:00:27]} Kc6 {[%clk 01:18:16]} {[%emt
00:00:18]} 58. a3 {[%clk 00:31:27]} {[%emt 00:00:04]} Kb7 {[%clk 01:17:41]}
{[%emt 00:01:04]} 59. a4 {[%clk 00:31:01]} {[%emt 00:00:56]} bxa4+ {[%clk
01:16:41]} {[%emt 00:01:30]} 60. Kxa4 {[%clk 00:31:05]} {[%emt 00:00:26]}
1/2-1/2

[Event "ODJM B 2024"]
[Site "Willingen GER"]
[Date "2024.05.24"]
[Round "8"]
[White "Claussen, Alexander"]
[Black "Klockhaus, Daniel"]
[Result "1/2-1/2"]
[Termination "normal"]
[Board "43"]
[WhiteElo "1595"]
[BlackElo "1650"]
[WhiteClock "00:52:24"]
[BlackClock "00:24:56"]
[PlyCount "44"]
[WhiteFideId "16248910"]
[BlackFideId "16299132"]
[EventCountry "GER"]
[EventRounds "9"]
[EventType "swiss"]
[EventDate "2024.05.18"]

1. d4 {[%clk 01:30:58]} {[%emt 00:00:01]} d5 {[%clk 01:30:56]} {[%emt
00:00:04]} 2. Nf3 {[%clk 01:31:24]} {[%emt 00:00:05]} Bf5 {[%clk 01:30:58]}
{[%emt 00:00:27]} 3. e3 {[%clk 01:31:47]} {[%emt 00:00:08]} e6 {[%clk
01:30:00]} {[%emt 00:01:28]} 4. Bd3 {[%clk 01:31:43]} {[%emt 00:00:34]} Bxd3
{[%clk 01:29:20]} {[%emt 00:01:10]} 5. Qxd3 {[%clk 01:27:25]} {[%emt 00:04:47]}
c6 {[%clk 01:24:59]} {[%emt 00:04:51]} 6. O-O {[%clk 01:27:20]} {[%emt
00:00:35]} Nf6 {[%clk 01:25:14]} {[%emt 00:00:15]} 7. Ne5 {[%clk 01:27:39]}
{[%emt 00:00:11]} Nbd7 {[%clk 01:24:56]} {[%emt 00:00:48]} 8. f4 {[%clk
01:27:59]} {[%emt 00:00:10]} Bd6 {[%clk 01:24:06]} {[%emt 00:01:19]} 9. Nd2
{[%clk 01:28:20]} {[%emt 00:00:10]} c5 {[%clk 01:23:15]} {[%emt 00:01:20]} 10.
c3 {[%clk 01:28:45]} {[%emt 00:00:05]} Rb8 {[%clk 01:21:00]} {[%emt 00:02:45]}
11. Rf3 {[%clk 01:16:24]} {[%emt 00:12:51]} cxd4 {[%emt 00:06:33]} 12. exd4
{[%clk 01:14:16]} {[%emt 00:02:31]} Qb6 {[%clk 01:04:58]} {[%emt 00:10:35]} 13.
Kh1 {[%clk 01:14:34]} {[%emt 00:00:13]} Bxe5 {[%clk 01:02:17]} {[%emt
00:03:11]} 14. fxe5 {[%clk 01:14:51]} {[%emt 00:00:13]} Ng4 {[%clk 00:53:47]}
{[%emt 00:08:59]} 15. Qe2 {[%clk 01:10:20]} {[%emt 00:05:01]} Nh6 {[%clk
00:42:19]} {[%emt 00:11:58]} 16. Nb3 {[%clk 01:06:08]} {[%emt 00:04:42]} Nf5
{[%clk 00:41:50]} {[%emt 00:00:59]} 17. Qf2 {[%clk 00:59:32]} {[%emt 00:07:06]}
h5 {[%clk 00:36:47]} {[%emt 00:05:33]} 18. Bg5 {[%clk 00:55:34]} {[%emt
00:04:28]} f6 {[%clk 00:27:27]} {[%emt 00:09:50]} 19. exf6 {[%clk 00:54:49]}
{[%emt 00:01:15]} Nxf6 {[%clk 00:27:09]} {[%emt 00:00:48]} 20. Bxf6 {[%clk
00:54:37]} {[%emt 00:00:41]} gxf6 {[%clk 00:27:36]} {[%emt 00:00:03]} 21. Re1
{[%clk 00:55:00]} {[%emt 00:00:07]} Kf7 {[%clk 00:25:33]} {[%emt 00:02:33]} 22.
Nc5 {[%clk 00:52:24]} {[%emt 00:03:06]} Rbe8 {[%clk 00:24:56]} {[%emt
00:01:07]} 1/2-1/2